L'Allemagne, premiere puissance agricole d'Europe?

Údaje o poľnohospodárskej produkcii Nemecka a Francúzska. Porovnanie výnosov niektorých plodín. Produkcia obilnín. Poľnohospodárstvo SRN sa svojou kapacitou približuje Francúzsku. Veľký výrobný potenciál agropriemyslu SRN. (le Nouvel Economiste 1991, č.791.).

Salvato in:
Dettagli Bibliografici
Autore principale: Le Bourdonnec, Y.
Natura: Capitolo di libro
Lingua:francese
Soggetti:
Tags: Aggiungi Tag
Nessun Tag, puoi essere il primo ad aggiungerne!!

MARC

LEADER 00000naa a2200000 4500
001 r004760
005 20221125091614.3
041 0 |a fre 
044 |a FR 
245 1 0 |a L'Allemagne, premiere puissance agricole d'Europe?  |c Y. Le Bourdonnec 
520 |a Údaje o poľnohospodárskej produkcii Nemecka a Francúzska. Porovnanie výnosov niektorých plodín. Produkcia obilnín. Poľnohospodárstvo SRN sa svojou kapacitou približuje Francúzsku. Veľký výrobný potenciál agropriemyslu SRN. (le Nouvel Economiste 1991, č.791.). 
610 2 0 |a výroba poľnohospodárska 
610 2 0 |a Nemecko 
610 2 0 |a Francúzsko 
610 2 0 |a obilniny 
610 2 0 |a komplex poľnohospodársko-priemyselný 
100 1 |a Le Bourdonnec, Y.